00772nam a2200169 a 4500008004100000050002200041110004700063245009100110260005700201300001900258350000900277650004300286710004300329995009200372999001700464952012100481090504s2000 ||||||||||||||||| || u aGOV.ZAM(02)2000/9 aGovernment of the Republic of Zambia (GRZ)10aZambia Social Investment Fund: Zamsif in briefcZambia Social Investment Fund (ZAMSIF) aLusakabZambia Social Investment Fund (ZAMSIF)c2000 aiv, 26p.: ill. a0.00 aZAMBIA SOCIAL INVESTMENT FUND (ZAMSIF) aZambia Social Investment Fund (ZAMSIF) D0.00FCBU-MAIN LIBRARY (Kitwe)H1I0.00M1UAVAILABLEWMay 4, 2009ZZambiana Collection c62406d62406 00102lcc4070a001b001cZambiana Collectiond2022-11-30l0oGOV.ZAM(02)2000/9p45900r2022-11-30w2022-11-30y002